<?xml version="1.0" encoding="UTF-8"?>
<record
    xmlns:xsi="http://www.w3.org/2001/XMLSchema-instance"
    xsi:schemaLocation="http://www.loc.gov/MARC21/slim http://www.loc.gov/standards/marcxml/schema/MARC21slim.xsd"
    xmlns="http://www.loc.gov/MARC21/slim">

  <leader>00431nam a2200157Ia 4500</leader>
  <controlfield tag="008">220803s9999    xx            000 0 und d</controlfield>
  <datafield tag="020" ind1=" " ind2=" ">
    <subfield code="a">81-85026-52-1</subfield>
  </datafield>
  <datafield tag="041" ind1=" " ind2=" ">
    <subfield code="a">eng</subfield>
  </datafield>
  <datafield tag="082" ind1=" " ind2=" ">
    <subfield code="a">722 TIL</subfield>
  </datafield>
  <datafield tag="100" ind1=" " ind2=" ">
    <subfield code="a">Tillotson G Ed.</subfield>
    <subfield code="9">15889</subfield>
  </datafield>
  <datafield tag="245" ind1=" " ind2=" ">
    <subfield code="a">Stones In The Sand : The Architecture Of Rajasthan-</subfield>
  </datafield>
  <datafield tag="260" ind1=" " ind2=" ">
    <subfield code="a">Mumbai</subfield>
    <subfield code="b">Marg Publication</subfield>
    <subfield code="c">2001</subfield>
  </datafield>
  <datafield tag="300" ind1=" " ind2=" ">
    <subfield code="a">123p</subfield>
  </datafield>
  <datafield tag="500" ind1=" " ind2=" ">
    <subfield code="a">Architecture</subfield>
  </datafield>
  <datafield tag="650" ind1=" " ind2=" ">
    <subfield code="a">Architectural History</subfield>
    <subfield code="9">15890</subfield>
  </datafield>
  <datafield tag="999" ind1=" " ind2=" ">
    <subfield code="c">11557</subfield>
    <subfield code="d">11557</subfield>
  </datafield>
  <datafield tag="952" ind1=" " ind2=" ">
    <subfield code="0">0</subfield>
    <subfield code="1">0</subfield>
    <subfield code="4">0</subfield>
    <subfield code="7">0</subfield>
    <subfield code="8">Book of B Arch</subfield>
    <subfield code="a">BNCA</subfield>
    <subfield code="b">BNCA</subfield>
    <subfield code="c">A2</subfield>
    <subfield code="d">2003-01-21</subfield>
    <subfield code="e">Broadway Book Centre</subfield>
    <subfield code="g">1912.00</subfield>
    <subfield code="o">720.93 TIL</subfield>
    <subfield code="p">BNCA-BK-3711</subfield>
    <subfield code="r">2022-08-03 00:00:00</subfield>
    <subfield code="v">2250.00</subfield>
    <subfield code="w">2003-01-17</subfield>
    <subfield code="y">RF</subfield>
    <subfield code="z">B003711</subfield>
  </datafield>
  <datafield tag="952" ind1=" " ind2=" ">
    <subfield code="0">0</subfield>
    <subfield code="1">0</subfield>
    <subfield code="4">0</subfield>
    <subfield code="7">0</subfield>
    <subfield code="8">Book of B Arch</subfield>
    <subfield code="a">BNCA</subfield>
    <subfield code="b">BNCA</subfield>
    <subfield code="c">A2</subfield>
    <subfield code="d">2007-01-16</subfield>
    <subfield code="e">Word Book Shop</subfield>
    <subfield code="g">1912.05</subfield>
    <subfield code="l">2</subfield>
    <subfield code="m">1</subfield>
    <subfield code="o">720.9 TIL</subfield>
    <subfield code="p">BNCA-BK-5370</subfield>
    <subfield code="r">2025-04-16 00:00:00</subfield>
    <subfield code="s">2025-04-08</subfield>
    <subfield code="v">2250.00</subfield>
    <subfield code="w">2007-01-08</subfield>
    <subfield code="y">RF</subfield>
    <subfield code="z">B005370</subfield>
  </datafield>
  <datafield tag="952" ind1=" " ind2=" ">
    <subfield code="0">0</subfield>
    <subfield code="1">0</subfield>
    <subfield code="4">0</subfield>
    <subfield code="7">0</subfield>
    <subfield code="8">Book M arch LA</subfield>
    <subfield code="a">BNCA</subfield>
    <subfield code="b">BNCA</subfield>
    <subfield code="c">A2</subfield>
    <subfield code="d">2009-08-11</subfield>
    <subfield code="e">Strand Book Stall</subfield>
    <subfield code="g">1350.00</subfield>
    <subfield code="l">0</subfield>
    <subfield code="o">720.93 TIL</subfield>
    <subfield code="p">BNCA-BK-6664</subfield>
    <subfield code="r">2022-08-03 00:00:00</subfield>
    <subfield code="v">2250.00</subfield>
    <subfield code="w">2009-08-07</subfield>
    <subfield code="y">BK</subfield>
    <subfield code="z">B006664</subfield>
  </datafield>
</record>
